| 000 | 00581nam a22002177a 4500 | ||
|---|---|---|---|
| 003 | OSt | ||
| 005 | 20210426112739.0 | ||
| 008 | 210127s2002 ||||| |||| 00| 0 eng d | ||
| 020 | _a0394720954 | ||
| 040 |
_aeng _beng _cDLC |
||
| 041 | _aeng | ||
| 080 |
_a92 _bC-25 |
||
| 100 |
_9699 _aCaro, A. Robert |
||
| 245 |
_aThe Years of Lyndon Johnson _b: Master of the Senate _c/ by: Vintage Books |
||
| 260 |
_aNew York _bVintage Books _c2002 |
||
| 300 |
_a1167 p. _bill. |
||
| 365 | _b19.95 usd | ||
| 650 | 0 |
_9237 _aBiography |
|
| 653 | _aბიოგრაფია | ||
| 942 |
_2udc _cBK |
||
| 999 |
_c979 _d979 |
||